Statistics for Locations in Africa

Click here to take the quiz!

General Stats

  • This quiz has been taken 14 times
  • The average score is 8 of 15

Answer Stats

HintAnswer% Correct
TimbuktuMali
100%
Robben IslandSouth Africa
93%
CarthageTunisia
93%
Marrakesh MedinaMorocco
86%
Victoria FallsZambia/Zimbabwe
86%
Masai Mara National ReserveKenya
71%
Karnak TempleEgypt
57%
Olduvai GorgeTanzania
50%
AbomeyBenin
36%
Ribeira GrandeCape Verde
36%
Volcanoes National ParkRwanda
36%
Fish River CanyonNamibia
29%
GondarEthiopia
21%
Royal Hill of AmbohimangaMadagascar
21%
MeroeSudan
21%

Score Distribution

Percentile by Number Answered

Percent of People with Each Score

Your Score History

You have not taken this quiz